Diccionari bàsic de gènere de punt de màquines de formació consecutiva (Registre núm. 56333)
[ vista simple ]
| 000 -LEADER | |
|---|---|
| campo de control de longitud fija | 01064aam a2200385a 44500 |
| 008 - DATOS DE LONGITUD FIJA--INFORMACIÓN GENERAL | |
| campo de control de longitud fija | 980505s1998 cat |
| 041 ## - CÓDIGO DE IDIOMA | |
| Código de lengua del texto/banda sonora o título independiente | cat |
| 080 ## - NÚMERO DE LA CLASIFICACIÓN DECIMAL UNIVERSAL | |
| Número de la Clasificación Decimal Universal | 677.055(038) |
| 080 ## - NÚMERO DE LA CLASIFICACIÓN DECIMAL UNIVERSAL | |
| Número de la Clasificación Decimal Universal | 677.075(038) |
| 100 ## - ENTRADA PRINCIPAL--NOMBRE DE PERSONA | |
| Nombre de persona | López, R. |
| 9 (RLIN) | 67524 |
| 245 ## - MENCIÓN DEL TÍTULO | |
| Título | Diccionari bàsic de gènere de punt de màquines de formació consecutiva |
| 245 ## - MENCIÓN DEL TÍTULO | |
| Mención de responsabilidad, etc. | G. Moncanut |
| 245 ## - MENCIÓN DEL TÍTULO | |
| Mención de responsabilidad, etc. | R. López |
| 260 ## - PUBLICACIÓN, DISTRIBUCIÓN, ETC. | |
| Lugar de publicación, distribución, etc. | Barcelona |
| 260 ## - PUBLICACIÓN, DISTRIBUCIÓN, ETC. | |
| Fecha de publicación, distribución, etc. | 1998 |
| 300 ## - DESCRIPCIÓN FÍSICA | |
| Extensión | [222]f. |
| Dimensiones | 30 cm |
| 500 ## - NOTA GENERAL | |
| Nota general | Arbre de camp, sinònims |
| 500 ## - NOTA GENERAL | |
| Nota general | Projecte de fi de carrera, Escola Universitària d'Enginyeria Tècnica en Teixits de Punt. Exemplar fotocopiat i relligat |
| 546 ## - NOTA DE IDIOMA | |
| Llengua de les definicions | ca |
| 546 ## - NOTA DE IDIOMA | |
| Llengua de les definicions | es |
| 591 ## - Codi de font | |
| Codi de font | 5504 |
| 592 ## - Tipus obra | |
| Tipus d'obra | Obra terminològica |
| 593 ## - Codi CGAT | |
| Codi de la CGAT | ISD |
| 593 ## - Codi CGAT | |
| Codi de la CGAT | ISF |
| 594 ## - Número de document | |
| Número de document | 5504 |
| 650 ## - PUNTO DE ACCESO ADICIONAL DE MATERIA--TÉRMINO DE MATERIA | |
| Término de materia o nombre geográfico como elemento de entrada | gèneres de punt |
| 9 (RLIN) | 67526 |
| 650 ## - PUNTO DE ACCESO ADICIONAL DE MATERIA--TÉRMINO DE MATERIA | |
| Término de materia o nombre geográfico como elemento de entrada | maquinària tèxtil |
| 9 (RLIN) | 65767 |
| 700 ## - ENTRADA AGREGADA--NOMBRE PERSONAL | |
| Nombre de persona | Moncanut, G. |
| 9 (RLIN) | 67525 |
| 901 ## - ELEMENTOS DE DATOS A LOCAL LDA (RLIN) | |
| c | <1998> |
| 902 ## - ELEMENTOS DE DATOS B LOCAL, LDB (RLIN) | |
| a | 980505 |
| 942 ## - ELEMENTOS DE ENTRADA SECUNDARIOS (KOHA) | |
| Tipo de ítem Koha | Monografia |
| Suprimir en OPAC | No |
| Estatus retirado | Estado de pérdida | Estado de daño | No para préstamo | Biblioteca de origen | Biblioteca actual | Fecha de adquisición | Total de préstamos | Signatura topográfica completa | Código de barras | Visto por última vez | Precio de reemplazo | Tipo de ítem Koha |
|---|---|---|---|---|---|---|---|---|---|---|---|---|
| TERMCAT | TERMCAT | 05/05/1998 | IS 35 | 05387 | 30/09/2021 | 30/09/2021 | MO |